Países con menos fronteras A-Z - Estadísticas

Estadísticas generales
  • Esta prueba ha sido intentada 45 veces
  • La puntuación promedio es 21 de 23
Estadísticas de respuestas
Letra Fronteras Respuesta % Correcto
A 0 Australia / Antigua y Barbuda
97%
S 0 Seychelles / Santo Tomé y Príncipe / Samoa / Santa Lucía / San Vicente y las Granadinas / San Cristóbal y Nieves / Sri Lanka / Singapur
97%
C 0 Chipre / Cabo verde / Comoras / Cuba
95%
F 0 Fiyi / Filipinas
95%
I 0 Islandia / Islas Salomon / Islas Marshall
95%
M 0 Maldivas / Malta / Madagascar / Mauricio
95%
O 3 Omán
95%
B 0 Barein / Bahamas / Barbados
92%
D 0 Dominica
92%
H 1 Haití
92%
J 0 Japón / Jamaica
92%
N 0 Nueva Zelanda / Nauru
92%
T 0 Tuvalu / Tonga / Trinidad y Tobago / Taiwán
92%
V 0 Vanuatu
92%
Y 2 Yemen
92%
G 0 Granada
89%
K 0 Kiribati
89%
Z 4 Zimbabue
89%
P 0 Palaos
84%
U 2 Uruguay
81%
E 0 Estados federados de Micronesia
73%
L 1 Lesoto
73%
R 1 Reino unido / República Dominicana
73%
No se encontraron pruebas coincidentes
Distribución de puntuación
Porcentaje de gente con cada puntuación
Porcentaje por número respondido
Historial de tus puntuaciones
No has intentado esta prueba.